|
|
|
|
| LEADER |
00776nab a2200205 i 4500 |
| 001 |
acta23792 |
| 005 |
20210601154614.0 |
| 008 |
161017s1971 hu o 0|| eng d |
| 022 |
|
|
|a 0001-6721
|
| 040 |
|
|
|a SZTE Egyetemi Kiadványok Repozitórium
|b hun
|
| 041 |
|
|
|a eng
|
| 100 |
1 |
|
|a Szirovicza Lajos
|
| 245 |
1 |
0 |
|a Thermal decomposition of n-pentane .
|h [elektronikus dokumentum] :
|b II. : Effect on unsaturated products and mechanism of the reaction /
|c Szirovicza Lajos
|
| 260 |
|
|
|c 1971
|
| 300 |
|
|
|a 141-149
|
| 490 |
0 |
|
|a Acta physica et chemica
|v 17 No. 3-4
|
| 695 |
|
|
|a Természettudomány, Fizika, Kémia
|
| 700 |
0 |
1 |
|a Kószó Ferenc
|e aut
|
| 700 |
0 |
1 |
|a Márta Ferenc
|e aut
|
| 856 |
4 |
0 |
|u http://acta.bibl.u-szeged.hu/23792/1/phys_chem_017_fasc_003_004_141-149.pdf
|z Dokumentum-elérés
|